000 00384nam a2200133Ia 4500
005 20260328101529.0
008 260328s9999||||xx |||||||||||||| ||und||
100 _aLiedtka, Jeanne
245 0 _aDesigning for Growth :
_b a Design thinking tool kit for managers /
_cJeanne Liedtka
260 _bColumbia Business School
300 _a227 p.
650 _aDISEÑO INDUSTRIAL
942 _cBK
999 _c9915
_d9915